000 00636nam a2200277Ia 4500
005 20260324121439.0
008 008 260324s9999 xx 000 0 eng d
020 _a9781315570235
037 _aEBOOK
040 _aCRL
040 _beng
040 _cCRL
041 _2eng
041 _aeng
084 _qCRL
100 _aJeremy Black
245 0 _aBritish Politics and Foreign Policy, 1727-44
260 _bTaylor and Francis
260 _c2014
365 _a
365 _b240
856 _uhttp://www.taylorfrancis.com/books/9781315570235
942 _cEBOOK
999 _c1754648
_d1754648